| 000 | 00513nam a2200169 a 4500 | ||
|---|---|---|---|
| 001 | 000031413 | ||
| 005 | 20240322181140.0 | ||
| 008 | 110622s1939 dr 000 0 spa d | ||
| 040 |
_aDO-SdBNP _bspa _cBNPHU |
||
| 100 | 1 |
_aNolasco, Flérida de, _d1891-1976 _935151 |
|
| 245 | 1 | 0 |
_aDe música Española y otros temas / _cFlérida de Nolasco. |
| 260 |
_aSantiago de Chile : _bEdiciones Ercilla, _c1939. |
||
| 300 |
_a106 p. ; _c18 cm. |
||
| 490 | 1 | _aContemporáneo | |
| 830 | 0 |
_aContemporáneo _923780 |
|
| 049 | _aBNPD | ||
| 999 |
_c30905 _d30905 |
||